00919nam a2200217Ia 4500003000400000005001700004008004100021040002100062041000800083082002700091100004100118245007200159260003200231300006600263490002700329504003800356505023000394650002700624650002600651650002400677OSt20211004170323.0210310s1978 ck ab gr 000 0 spa d aCO-JMCRcCO-JMCR0 aspa04a338.17318 /bV161p2231 aValenzuela Ramírez, Jorge, eautor10aProducción arrocera y clientelismo / cJorge Valenzuela Ramírez aBogotá : bCinep, c1978. a73 páginas : bilustraciones y mapas plegables ; c21 cm.  aColombia agraria ; v4 aBibliografía : páginas 69-73.0 aEstructura económica del agro Huilense. -- Formación y tecnología de la producción arrocera. -- Producción arrocera y estructura social. -- Arroz, gamonalismo y clientelismo. -- Movimiento campesino y clientelismo. 14aProducción arrocera.24aClientelismo arrocero24aEconomía agraria.